000 00525cam a22001932 4500
001 0000001998
005 20151217161130.0
008 070330s xx 000 0 eng d
020 _a9220073501
040 _aKABU
_cKABU
050 0 _aHD5712
_b.Y43 1995
245 1 0 _aYearbook of labour statistics.
260 _aGeneva :
_bILO,
_c1995.
300 _axvi, 1069 p.
650 0 _aLabour
_xStatistics
_vPeriodicals.
_@0000151238
908 _a070330
950 _@1
999 _c14890
_d14890